[Event "Wch U08"]
[Site "Batumi"]
[Date "2022.09.25"]
[Round "9"]
[White "Filipovs, Sergejs"]
[Black "Bakhyt, Rauan"]
[Result "1/2-1/2"]
[WhiteElo "1345"]
[BlackElo "1166"]
[PlyCount "37"]
[EventDate "2022.09.16"]
[EventType "swiss"]
[EventRounds "11"]
[EventCountry "GEO"]
[SourceTitle "EXT 2023"]
[Source "ChessBase"]
[SourceDate "2022.10.05"]
[SourceVersion "1"]
[SourceVersionDate "2022.10.05"]
[SourceQuality "1"]

1. e4 c6 2. d4 d5 3. Nc3 dxe4 4. Nxe4 Bf5 5. Ng3 Bg6 6. Nf3 Nd7 7. h4 h6 8. h5 Bh7 9. Bd3 Bxd3 10. Qxd3 Ngf6 11. Bd2 Qc7 12. 0-0-0 0-0-0 13. Ne4 Nxe4 14. Qxe4 Nf6 15. Qe2 e6 16. c3 Bd6 17. Ne5 Bxe5 18. dxe5 Nd7 19. f4 1/2-1/2